|
|
|
|
| LEADER |
00000cam a2200000 a 4500 |
| 020 |
|
|
|a 0471948314
|c NA
|
| 040 |
|
|
|a MUL
|b eng
|e AACR
|
| 082 |
|
|
|a 333.7 ENV
|
| 245 |
0 |
0 |
|a Environment and housing in Third World cities /
|c edited by Hamish Main and Stephen Wyn Williams.
|
| 260 |
|
|
|a Chichester ;
|a New York :
|b J. Wiley,
|c c1994.
|
| 300 |
|
|
|a x, 265 p. :
|b ill., maps ;
|c 24 cm.
|
| 500 |
|
|
|a Includes some papers presented at a workshop held by the Third World Science, Technology & Development Forum at Staffordshire University in September 1991.
|
| 504 |
|
|
|a Includes bibliographical references and indexes.
|
| 650 |
|
0 |
|a Housing
|z Developing countries.
|
| 650 |
|
0 |
|a Urban poor
|z Developing countries.
|
| 650 |
|
0 |
|a Slums
|z Developing countries.
|
| 650 |
|
0 |
|a Urban ecology (Sociology)
|z Developing countries.
|
| 650 |
|
0 |
|a Urban geology
|z Developing countries.
|
| 650 |
|
0 |
|a Natural disasters
|z Developing countries.
|
| 700 |
1 |
|
|a Main, Hamish.
|
| 700 |
1 |
|
|a Williams, Stephen Wyn.
|
| 942 |
|
|
|c BK
|
| 999 |
|
|
|c 9531
|d 9531
|